000 00924nam a2200253 a 4500
001 BRCA_7457
005 20190320205838.0
008 120413s1951----mx-a######---#000-0#spa-#
041 _aspa
044 _amx
050 4 _aND259.R5
_b.D54 1951
245 1 0 _aDiego Rivera
_b50 años de su labor artística, exposición de homenaje nacional
_cMuseo Nacional de Artes Plásticas ; prólogo de Carlos Chávez y Fernando Gamboa.
260 _aMéxico
_bSEP ; INBA, Departamento de Artes Plásticas
_c1951
300 _a468 p.
_bil. (algunas a color), láminas
500 _aQ213
600 1 4 _aRivera, Diego
_d1886-1957
_91330
650 1 4 _aPintores mexicanos
_94220
650 1 4 _aPinturas mexicanas
_vExposiciones
_918360
700 1 _aChávez, Carlos
_epról.
_918361
700 1 _aGamboa, Fernando
_epról.
_918362
710 2 _aMuseo Nacional de Artes Plásticas (Ciudad de México)
_97857
902 _aGFM
942 _2lcc
_cB
999 _c7133
_d7133